| 000 | 00407 a2200133 4500 | ||
|---|---|---|---|
| 001 | 91414 | ||
| 082 | _aPR 1311 | ||
| 090 |
_c43544 _d43543 |
||
| 100 | _aAtta-UR-Rehman; Muhammad Ajmal Khan and Tuaseef UR Rehman (Avisors) | ||
| 245 |
_aDesign and Implementation of a Light Detection and Ranging System _n72 "B" EC |
||
| 260 |
_aRawalpindi _bNUST _c2012 |
||
| 300 | _avi, 68p | ||
| 500 | _aBE Project Reports | ||
| 942 |
_aCAE NUST _kPR 1311 |
||
| 999 |
_c326487 _d326487 |
||